Полярографическое исследование смешанного потенциала и смешанного тока на амальгамах в неравновесной смеси нескольких окислительно-восстановительных систем: диссертация на соискание ученой степени кандидата химических наук

Bibliographische Detailangaben
1. Verfasser: Жихарев Ю. Н.
Körperschaft: Томский политехнический институт
Weitere Verfasser: Картушинская А. И. (научный руководитель), Стромберг А. Г. Армин Генрихович
Sprache:Russisch
Veröffentlicht: Томск, 1969
Schlagworte:
Format: Buch
KOHA link:https://koha.lib.tpu.ru/cgi-bin/koha/opac-detail.pl?biblionumber=137112

MARC

LEADER 00000nbm0a2200000 4500
001 137112
005 20240312153557.0
035 |a (RuTPU)RU\TPU\book\148603 
090 |a 137112 
100 |a 20080505d1969 k y0rusy50 ca 
101 0 |a rus 
102 |a RU 
105 |a a m 001zy 
200 1 |a Полярографическое исследование смешанного потенциала и смешанного тока на амальгамах в неравновесной смеси нескольких окислительно-восстановительных систем  |e диссертация на соискание ученой степени кандидата химических наук  |f Ю. Н. Жихарев  |g Томский политехнический институт (ТПИ) ; науч. рук. А. Г. Стромберг , А. И. Картушинская 
210 |a Томск  |d 1969 
215 |a 139 л.  |c ил. 
320 |a Библиогр.: с. 134-139 (102 назв.) 
606 1 |a Полярографический анализ  |2 stltpush  |3 (RuTPU)RU\TPU\subj\50820  |9 69454 
610 1 |a диссертации 
610 1 |a полярографическое исследование 
610 1 |a амальгамы 
610 1 |a неравновесные смеси 
610 1 |a окислительно-восстановительные системы 
610 1 |a электродные процессы 
610 1 |a электрохимические методы 
610 1 |a цементация 
610 1 |a аппаратура 
610 1 |a азот 
610 1 |a очистка 
610 1 |a коррозия 
610 1 |a стационарные электроды 
610 1 |a труды учёных ТПУ 
675 |a 543.552(04)  |v 3 
700 1 |a Жихарев  |b Ю. Н. 
702 1 |a Картушинская  |b А. И.  |4 727 
702 1 |a Стромберг  |b А. Г.  |c химик, специалист в области классической полярографии и инверсионной вольтамперометрии  |c профессор Томского политехнического института  |f 1910-2004  |g Армин Генрихович  |3 (RuTPU)RU\TPU\pers\11188  |4 727  |9 2478 
712 0 2 |a Томский политехнический институт  |c (1944-1991)  |3 (RuTPU)RU\TPU\col\1123  |9 23521 
801 1 |a RU  |b 63413507  |c 20080505  |g PSBO 
801 2 |a RU  |b 63413507  |c 20150203  |g RCR 
942 |c BK